[Event "Titled Tuesday intern op 21st Dec"]
[Site "Chess.com INT"]
[Date "2021.12.21"]
[Round "3"]
[White "Bykovskiy, Oleg"]
[Black "Levitsky, Andrey"]
[Result "0-1"]
[WhiteElo "2199"]
[BlackElo "2329"]
[PlyCount "86"]
[EventDate "2021.12.21"]
[EventType "swiss (blitz)"]
[EventRounds "11"]
[EventCountry "USA"]
[SourceTitle "CBM 205 Extra"]
[Source "ChessBase"]
[SourceDate "2022.01.31"]
[SourceVersion "1"]
[SourceVersionDate "2022.01.31"]
[SourceQuality "1"]

1. e4 e6 2. Be2 d5 3. d3 Nc6 4. f4 e5 5. exd5 Qxd5 6. Nf3 Bc5 7. Nc3 Qe6 8. Ne4 Bb6 9. Bd2 exf4 10. Bxf4 Nf6 11. Nxf6+ Qxf6 12. Qd2 Qxb2 13. Qc1 Ba5+ 14. Bd2 Bxd2+ 15. Nxd2 Qd4 16. Nb3 Qc3+ 17. Qd2 Qxd2+ 18. Kxd2 O-O 19. Rae1 b6 20. Bf3 Bb7 21. Nd4 Nxd4 22. Bxb7 Rab8 23. Bd5 c6 24. Be4 f5 25. Bf3 Nxf3+ 26. gxf3 Rfe8 27. f4 Kf7 28. Re5 Rxe5 29. fxe5 Ke6 30. d4 Rd8 31. c3 c5 32. Kd3 g5 33. h4 g4 34. h5 f4 35. Ke4 f3 36. Rg1 Rg8 37. Ke3 Kd5 38. Rf1 h6 39. Kf4 cxd4 40. cxd4 Kxd4 41. e6 Kd3 42. e7 Ke2 43. Rh1 f2 0-1

[Event "Titled Tuesday intern op 21st Dec"]
[Site "Chess.com INT"]
[Date "2021.12.21"]
[Round "3"]
[White "Chernyavsky, Alexander"]
[Black "Anuj, Shrivatri"]
[Result "0-1"]
[WhiteElo "2327"]
[BlackElo "2350"]
[PlyCount "82"]
[EventDate "2021.12.21"]
[EventType "swiss (blitz)"]
[EventRounds "11"]
[EventCountry "USA"]
[SourceTitle "CBM 205 Extra"]
[Source "ChessBase"]
[SourceDate "2022.01.31"]
[SourceVersion "1"]
[SourceVersionDate "2022.01.31"]
[SourceQuality "1"]

1. c4 c5 2. Nf3 g6 3. d4 cxd4 4. Nxd4 Nf6 5. Nc3 Nc6 6. e4 d6 7. Be2 Nxd4 8. Qxd4 Bg7 9. O-O O-O 10. Qd1 Bd7 11. Be3 a5 12. a4 Bc6 13. f3 Nd7 14. Rc1 Nc5 15. b3 Qb6 16. Nb5 Bxb5 17. cxb5 Qd8 18. Bc4 Rc8 19. Qe2 Qd7 20. Kh1 Rfd8 21. Bg5 Ne6 22. Bh4 Nd4 23. Qd3 Re8 24. f4 e6 25. f5 exf5 26. exf5 d5 27. fxg6 hxg6 28. Bf2 dxc4 29. bxc4 Qf5 30. Rcd1 Qxd3 31. Rxd3 Ne6 32. Rc1 Nc5 33. Bxc5 Rxc5 34. Rd7 Rxc4 35. Rf1 Rf4 36. Rc1 Rxa4 37. Rxb7 Ra1 38. Rxa1 Bxa1 39. g3 Re1+ 40. Kg2 Rb1 41. b6 Kg7 0-1

[Event "Titled Tuesday intern op 21st Dec"]
[Site "Chess.com INT"]
[Date "2021.12.21"]
[Round "3"]
[White "Coto Mederos, Michel"]
[Black "Lakshmi, Chidambaram"]
[Result "1-0"]
[WhiteElo "2348"]
[BlackElo "2058"]
[PlyCount "75"]
[EventDate "2021.12.21"]
[EventType "swiss (blitz)"]
[EventRounds "11"]
[EventCountry "USA"]
[SourceTitle "CBM 205 Extra"]
[Source "ChessBase"]
[SourceDate "2022.01.31"]
[SourceVersion "1"]
[SourceVersionDate "2022.01.31"]
[SourceQuality "1"]

1. d4 Nf6 2. Bg5 Ne4 3. Bf4 d5 4. e3 e6 5. Nd2 Nf6 6. Ngf3 Bd6 7. Bg3 O-O 8. Bd3 Nbd7 9. c3 Re8 10. Ne5 Nf8 11. Qe2 c5 12. h4 Qb6 13. Ndc4 dxc4 14. Nxc4 Qc6 15. Nxd6 Rd8 16. Nc4 cxd4 17. exd4 a5 18. Ne5 Qb6 19. h5 Nd5 20. h6 g6 21. O-O f6 22. Ng4 Kf7 23. Qf3 Nd7 24. c4 Ne7 25. Rfe1 Qxd4 26. Rad1 Qb6 27. Bb1 Nf5 28. Bh2 Nc5 29. b3 Rxd1 30. Rxd1 Bd7 31. Ne3 Bc6 32. Qe2 Rd8 33. Nxf5 exf5 34. Bf4 Ne4 35. Bxe4 Rd6 36. Bxd6 Bxe4 37. Bf4 Qc6 38. f3 1-0

[Event "Titled Tuesday intern op 21st Dec"]
[Site "Chess.com INT"]
[Date "2021.12.21"]
[Round "3"]
[White "Demchenko, Anton"]
[Black "Nadeev, Sergey Vladimirovic"]
[Result "1-0"]
[WhiteElo "2654"]
[BlackElo "2274"]
[PlyCount "41"]
[EventDate "2021.12.21"]
[EventType "swiss (blitz)"]
[EventRounds "11"]
[EventCountry "USA"]
[SourceTitle "CBM 205 Extra"]
[Source "ChessBase"]
[SourceDate "2022.01.31"]
[SourceVersion "1"]
[SourceVersionDate "2022.01.31"]
[SourceQuality "1"]

1. e4 e5 2. Nf3 Nc6 3. Bc4 Nf6 4. d3 Bc5 5. O-O O-O 6. Nbd2 d5 7. exd5 Nxd5 8. Re1 Bg4 9. h3 Bh5 10. Ne4 Be7 11. Ng3 Bg6 12. Nxe5 Nxe5 13. Rxe5 Nb6 14. Bb3 Bd6 15. Re1 Qh4 16. Qf3 Rae8 17. Bd2 c6 18. Nf5 Bxf5 19. Rxe8 Rxe8 20. Qxf5 Re7 21. Bg5 1-0

[Event "Titled Tuesday intern op 21st Dec"]
[Site "Chess.com INT"]
[Date "2021.12.21"]
[Round "3"]
[White "Dolzhikova, Kateryna"]
[Black "Lugovskoy, Maxim"]
[Result "0-1"]
[WhiteElo "2161"]
[BlackElo "2423"]
[PlyCount "118"]
[EventDate "2021.12.21"]
[EventType "swiss (blitz)"]
[EventRounds "11"]
[EventCountry "USA"]
[SourceTitle "CBM 205 Extra"]
[Source "ChessBase"]
[SourceDate "2022.01.31"]
[SourceVersion "1"]
[SourceVersionDate "2022.01.31"]
[SourceQuality "1"]

1. Nf3 Nf6 2. g3 Nc6 3. d4 d5 4. Bg2 Bf5 5. c3 Qd7 6. O-O Bh3 7. Bf4 h5 8. Ne5 Nxe5 9. dxe5 Bxg2 10. Kxg2 Ne4 11. Nd2 Nxd2 12. Qxd2 h4 13. e4 hxg3 14. fxg3 O-O-O 15. exd5 Qh3+ 16. Kg1 Rxd5 17. Qg2 e6 18. Qxh3 Rxh3 19. Rad1 Bc5+ 20. Kg2 Rxd1 21. Rxd1 Rh8 22. Bg5 c6 23. b4 Bb6 24. Rf1 Bc7 25. Rxf7 Bxe5 26. c4 a6 27. a4 Re8 28. b5 axb5 29. axb5 cxb5 30. cxb5 Bb2 31. Kf3 Kb8 32. Ke4 Rc8 33. Bf4+ Ka8 34. Bc7 Ka7 35. b6+ Ka6 36. Re7 Rf8 37. Rxe6 Rf2 38. g4 Kb5 39. h4 Kc4 40. h5 Bf6 41. Bf4 Re2+ 42. Kf5 Rf2 43. h6 Bd4 44. h7 Kb5 45. h8=Q g6+ 46. Kxg6 Bxh8 47. Be5 Re2 48. Kf5 Rf2+ 49. Kg6 Bxe5 50. Rxe5+ Kxb6 51. g5 Kc6 52. Kh7 Kd6 53. Rb5 Rh2+ 54. Kg7 Kc6 55. Rf5 Rg2 56. g6 Kd6 57. Kf7 Rf2 58. g7 Rxf5+ 59. Kg6 Rf1 0-1

[Event "Titled Tuesday intern op 21st Dec"]
[Site "Chess.com INT"]
[Date "2021.12.21"]
[Round "3"]
[White "Dushyant, Sharma"]
[Black "Corrales Jimenez, Fidel"]
[Result "0-1"]
[WhiteElo "2369"]
[BlackElo "2530"]
[PlyCount "24"]
[EventDate "2021.12.21"]
[EventType "swiss (blitz)"]
[EventRounds "11"]
[EventCountry "USA"]
[SourceTitle "CBM 205 Extra"]
[Source "ChessBase"]
[SourceDate "2022.01.31"]
[SourceVersion "1"]
[SourceVersionDate "2022.01.31"]
[SourceQuality "1"]

1. e4 c6 2. Nf3 d5 3. exd5 cxd5 4. d4 Nc6 5. Bd3 Bg4 6. c3 e6 7. Be3 Bd6 8. Nbd2 Nge7 9. O-O Qc7 10. Qc2 h6 11. Rae1 a6 12. h3 Bf5 0-1

[Event "Titled Tuesday intern op 21st Dec"]
[Site "Chess.com INT"]
[Date "2021.12.21"]
[Round "3"]
[White "Escalante Ramirez, Brian Sebastian"]
[Black "Barrionuevo, Pablo"]
[Result "1-0"]
[WhiteElo "2469"]
[BlackElo "2259"]
[PlyCount "125"]
[EventDate "2021.12.21"]
[EventType "swiss (blitz)"]
[EventRounds "11"]
[EventCountry "USA"]
[SourceTitle "CBM 205 Extra"]
[Source "ChessBase"]
[SourceDate "2022.01.31"]
[SourceVersion "1"]
[SourceVersionDate "2022.01.31"]
[SourceQuality "1"]

1. e4 d6 2. d4 Nf6 3. Bd3 g6 4. c3 Bg7 5. f4 O-O 6. Nf3 c5 7. O-O Nfd7 8. d5 Na6 9. Be3 Nc7 10. a4 e6 11. dxe6 fxe6 12. Nbd2 d5 13. Qe2 b6 14. Rae1 Bb7 15. Kh1 a6 16. Qf2 c4 17. Bb1 b5 18. axb5 axb5 19. e5 Na6 20. Ng5 Qe7 21. Ndf3 Nac5 22. Qh4 Bh8 23. Qh3 Rae8 24. Nh4 Nd3 25. Bxd3 cxd3 26. Rd1 b4 27. Bd4 bxc3 28. bxc3 Ba6 29. Ra1 Bc4 30. Ra7 Ra8 31. Rxa8 Rxa8 32. Qxe6+ Qxe6 33. Nxe6 d2 34. Rd1 Ra2 35. Nf3 Be2 36. Rxd2 Ra1+ 37. Ng1 Bc4 38. h3 h6 39. Kh2 Kf7 40. Nc5 Nxc5 41. Bxc5 Ke6 42. g4 g5 43. f5+ Kxe5 44. Bd4+ Ke4 45. Bxh8 Ke3 46. Rb2 Ra8 47. Bd4+ Kd3 48. Nf3 Ke4 49. Ne5 Kf4 50. Nxc4 dxc4 51. Rf2+ Ke4 52. Kg3 h5 53. gxh5 Rh8 54. Bxh8 g4 55. hxg4 Kd3 56. Bd4 Ke4 57. h6 Kd3 58. h7 Ke4 59. h8=Q Kd3 60. f6 Ke4 61. Qh7+ Kd5 62. Qf5+ Kc6 63. f7 1-0

[Event "Titled Tuesday intern op 21st Dec"]
[Site "Chess.com INT"]
[Date "2021.12.21"]
[Round "3"]
[White "Estrada Nieto, Julian"]
[Black "Yavuz, Efe Metehan"]
[Result "1-0"]
[WhiteElo "2253"]
[BlackElo "2025"]
[PlyCount "79"]
[EventDate "2021.12.21"]
[EventType "swiss (blitz)"]
[EventRounds "11"]
[EventCountry "USA"]
[SourceTitle "CBM 205 Extra"]
[Source "ChessBase"]
[SourceDate "2022.01.31"]
[SourceVersion "1"]
[SourceVersionDate "2022.01.31"]
[SourceQuality "1"]

1. e4 c5 2. Nf3 Nc6 3. Bb5 g6 4. Bxc6 dxc6 5. d3 Bg7 6. h3 Nf6 7. Nc3 O-O 8. Be3 b6 9. Qd2 Nd7 10. Bh6 e5 11. Bxg7 Kxg7 12. O-O Bb7 13. Nh2 f5 14. f4 fxe4 15. Nxe4 Qe7 16. Ng4 exf4 17. Rxf4 Ne5 18. Rxf8 Kxf8 19. Qh6+ Ke8 20. Nef6+ Kd8 21. Nxe5 Qxf6 22. Qxh7 Qxe5 23. Qxb7 Rc8 24. Rf1 Qe7 25. Qxe7+ Kxe7 26. Kf2 Ke6 27. Ke3 b5 28. Rf3 Rd8 29. g4 a5 30. g5 Rh8 31. Kf2 Rh5 32. Rf6+ Kd5 33. Rxg6 Rxh3 34. Rh6 Rxh6 35. gxh6 c4 36. h7 cxd3 37. cxd3 Kd4 38. h8=Q+ Kxd3 39. Qc3+ Ke4 40. Qxc6+ 1-0

[Event "Titled Tuesday intern op 21st Dec"]
[Site "Chess.com INT"]
[Date "2021.12.21"]
[Round "3"]
[White "Faizrakhmanov, Ramil"]
[Black "Nechaeva, Marina"]
[Result "0-1"]
[WhiteElo "2480"]
[BlackElo "2384"]
[PlyCount "86"]
[EventDate "2021.12.21"]
[EventType "swiss (blitz)"]
[EventRounds "11"]
[EventCountry "USA"]
[SourceTitle "CBM 205 Extra"]
[Source "ChessBase"]
[SourceDate "2022.01.31"]
[SourceVersion "1"]
[SourceVersionDate "2022.01.31"]
[SourceQuality "1"]

1. e4 c5 2. Nf3 d6 3. d4 cxd4 4. Nxd4 Nf6 5. Nc3 a6 6. Bg5 e6 7. f4 Qc7 8. Qf3 b5 9. a3 Nbd7 10. O-O-O Bb7 11. g4 Be7 12. h4 Rc8 13. Bxf6 Bxf6 14. g5 Bxd4 15. Rxd4 Nc5 16. Rh2 O-O 17. h5 e5 18. Rdd2 exf4 19. Qxf4 Ne6 20. Qg3 Qc5 21. g6 fxg6 22. Bh3 Rce8 23. hxg6 h6 24. Bf5 Nd4 25. Rh5 Nxf5 26. Rxf5 Rxf5 27. exf5 Qxf5 28. Qxd6 Bf3 29. b4 Bh5 30. Qxa6 Bxg6 31. Nxb5 Qe5 32. Nd4 Qe1+ 33. Rd1 Qe3+ 34. Kb2 Be4 35. Qc4+ Kh8 36. Qc3 Qf4 37. Ne6 Qg4 38. Rd8 Qxe6 39. Rxe8+ Qxe8 40. Qd4 h5 41. b5 Qxb5+ 42. Kc1 Qc6 43. Qe5 Qxc2# 0-1

[Event "Titled Tuesday intern op 21st Dec"]
[Site "Chess.com INT"]
[Date "2021.12.21"]
[Round "3"]
[White "Fikiet, Alex M"]
[Black "San, Thit Lwin"]
[Result "1/2-1/2"]
[WhiteElo "2184"]
[BlackElo "2242"]
[PlyCount "145"]
[EventDate "2021.12.21"]
[EventType "swiss (blitz)"]
[EventRounds "11"]
[EventCountry "USA"]
[SourceTitle "CBM 205 Extra"]
[Source "ChessBase"]
[SourceDate "2022.01.31"]
[SourceVersion "1"]
[SourceVersionDate "2022.01.31"]
[SourceQuality "1"]

1. e4 Nf6 2. e5 Nd5 3. d4 d6 4. exd6 cxd6 5. c4 Nb6 6. Nc3 g6 7. Be3 Bg7 8. Rc1 O-O 9. b3 e5 10. Be2 Nc6 11. Nf3 Bg4 12. dxe5 dxe5 13. O-O h6 14. h3 Be6 15. Nb5 f5 16. Bc5 Rf7 17. Qxd8+ Nxd8 18. Rfd1 Nc6 19. Rd6 Re8 20. Rxc6 bxc6 21. Nd6 Rd8 22. Nxf7 Kxf7 23. Rd1 Rxd1+ 24. Bxd1 g5 25. a4 Nc8 26. Bc2 a6 27. Kf1 Ne7 28. Bd6 Ng6 29. g3 e4 30. Nd2 Ne5 31. Ke2 Nd7 32. c5 Be5 33. Bxe5 Nxe5 34. b4 Nd7 35. f3 exf3+ 36. Kxf3 Kf6 37. Bd3 Ke5 38. Bxa6 Bd5+ 39. Ke3 Nf6 40. Nc4+ Ke6 41. Nb6 f4+ 42. gxf4 gxf4+ 43. Kxf4 Nh5+ 44. Kg4 Nf6+ 45. Kf4 Nh5+ 46. Ke3 Ke5 47. Nc4+ Ke6 48. Nd6 Nf6 49. Bd3 Ke5 50. b5 Nd7 51. b6 Nxc5 52. b7 Nxb7 53. Nxb7 c5 54. a5 c4 55. Bxc4 Bxb7 56. a6 Bxa6 57. Bxa6 Kf6 58. Be2 h5 59. Kf3 Kg5 60. Kg3 h4+ 61. Kf3 Kf5 62. Bd3+ Kg5 63. Be4 Kh5 64. Kf4 Kh6 65. Kg4 Kg7 66. Kxh4 Kh6 67. Kg4 Kg7 68. h4 Kh6 69. h5 Kg7 70. Kg5 Kh8 71. h6 Kg8 72. Kg6 Kh8 73. h7 1/2-1/2

[Event "Titled Tuesday intern op 21st Dec"]
[Site "Chess.com INT"]
[Date "2021.12.21"]
[Round "3"]
[White "Forgas Moreno, Yaniela"]
[Black "De Souza, Cristiano Gomes"]
[Result "1-0"]
[WhiteElo "2310"]
[BlackElo "2018"]
[PlyCount "75"]
[EventDate "2021.12.21"]
[EventType "swiss (blitz)"]
[EventRounds "11"]
[EventCountry "USA"]
[SourceTitle "CBM 205 Extra"]
[Source "ChessBase"]
[SourceDate "2022.01.31"]
[SourceVersion "1"]
[SourceVersionDate "2022.01.31"]
[SourceQuality "1"]

1. e4 c5 2. Nc3 d6 3. Nf3 a6 4. d4 cxd4 5. Nxd4 Nf6 6. Be2 e5 7. Nb3 Be6 8. O-O Be7 9. Kh1 O-O 10. f4 exf4 11. Bxf4 Nc6 12. Qe1 Ne5 13. Rd1 Qb6 14. Qg3 Rfd8 15. Bxe5 dxe5 16. Qxe5 Rxd1 17. Rxd1 h6 18. Qd4 Qc6 19. e5 Rd8 20. Qf4 Rxd1+ 21. Bxd1 Nd5 22. Nxd5 Bxd5 23. Qf2 b6 24. c3 a5 25. Nd4 Qg6 26. h3 Bh4 27. Qe2 Qg3 28. Nf3 Be7 29. Qe1 Qf4 30. b3 Bc5 31. c4 Bxf3 32. Bxf3 Be3 33. Qe2 Qxe5 34. Qd3 Qa1+ 35. Kh2 Bf4+ 36. g3 Qxa2+ 37. Bg2 Be5 38. Qe4 1-0

[Event "Titled Tuesday intern op 21st Dec"]
[Site "Chess.com INT"]
[Date "2021.12.21"]
[Round "3"]
[White "Gabrielian, Artur"]
[Black "Ingebretsen, Jens E"]
[Result "1-0"]
[WhiteElo "2464"]
[BlackElo "2309"]
[PlyCount "91"]
[EventDate "2021.12.21"]
[EventType "swiss (blitz)"]
[EventRounds "11"]
[EventCountry "USA"]
[SourceTitle "CBM 205 Extra"]
[Source "ChessBase"]
[SourceDate "2022.01.31"]
[SourceVersion "1"]
[SourceVersionDate "2022.01.31"]
[SourceQuality "1"]

1. e4 e5 2. Nc3 Nf6 3. g3 Nc6 4. Bg2 Bc5 5. Nge2 O-O 6. d3 d6 7. Na4 Re8 8. O-O Bg4 9. h3 Bh5 10. Nxc5 dxc5 11. g4 Bg6 12. Ng3 Qd6 13. g5 Nd7 14. h4 f6 15. h5 Bf7 16. Nf5 Qf8 17. Qg4 Be6 18. g6 h6 19. Bxh6 Bxf5 20. Qxf5 gxh6 21. Qxd7 Re7 22. Qd5+ Kg7 23. Qxc5 Nd4 24. Rae1 b6 25. Qc3 c5 26. Qd2 Qc8 27. c3 Ne6 28. Bh3 Qc6 29. Bxe6 Qxe6 30. Qe2 Rd8 31. Qf3 Red7 32. Re3 Qxa2 33. b4 cxb4 34. cxb4 Qb3 35. d4 Qxb4 36. d5 a5 37. Rc3 a4 38. Rc6 Rd6 39. Rfc1 a3 40. R6c4 Qb2 41. R4c2 Qb4 42. Qf5 R8d7 43. Rc7 Qa4 44. R1c6 Qxc6 45. Rxc6 Rxc6 46. Qxd7+ 1-0

[Event "Titled Tuesday intern op 21st Dec"]
[Site "Chess.com INT"]
[Date "2021.12.21"]
[Round "3"]
[White "Gaehwiler, Gabriel"]
[Black "Arias, Juan Cruz"]
[Result "1-0"]
[WhiteElo "2400"]
[BlackElo "2269"]
[PlyCount "79"]
[EventDate "2021.12.21"]
[EventType "swiss (blitz)"]
[EventRounds "11"]
[EventCountry "USA"]
[SourceTitle "CBM 205 Extra"]
[Source "ChessBase"]
[SourceDate "2022.01.31"]
[SourceVersion "1"]
[SourceVersionDate "2022.01.31"]
[SourceQuality "1"]

1. d4 Nf6 2. c4 c5 3. e3 e6 4. Nf3 d5 5. Nc3 Nc6 6. Be2 dxc4 7. Bxc4 cxd4 8. exd4 Be7 9. O-O O-O 10. Bg5 Nb4 11. Rc1 Nbd5 12. Qe2 Bd7 13. Ne5 Bc6 14. Rfd1 Rc8 15. Nxc6 bxc6 16. Ba6 Rb8 17. Na4 Qa5 18. b3 Nb4 19. Bxf6 Bxf6 20. Bc4 Rfd8 21. Qe1 Qc7 22. a3 Nd5 23. Nc5 Qf4 24. Ne4 Be7 25. b4 h5 26. g3 Qh6 27. Bf1 Rb6 28. Nc5 h4 29. Bg2 hxg3 30. hxg3 Bg5 31. Rc2 Bf6 32. Qe4 g6 33. Bf3 Be7 34. Kg2 Nf6 35. Qe5 Rc8 36. Nxe6 fxe6 37. Qxe6+ Kf8 38. Qxc8+ Kf7 39. Re2 Qf8 40. Qe6+ 1-0

[Event "Titled Tuesday intern op 21st Dec"]
[Site "Chess.com INT"]
[Date "2021.12.21"]
[Round "3"]
[White "Gelman, Alexander"]
[Black "Rozhkov, Viacheslav"]
[Result "0-1"]
[WhiteElo "2403"]
[BlackElo "2248"]
[PlyCount "48"]
[EventDate "2021.12.21"]
[EventType "swiss (blitz)"]
[EventRounds "11"]
[EventCountry "USA"]
[SourceTitle "CBM 205 Extra"]
[Source "ChessBase"]
[SourceDate "2022.01.31"]
[SourceVersion "1"]
[SourceVersionDate "2022.01.31"]
[SourceQuality "1"]

1. d4 d5 2. Nc3 c6 3. Bf4 Nf6 4. f3 Qb6 5. Qd2 e6 6. O-O-O Bb4 7. a3 Be7 8. e4 Qa5 9. Kb1 Qb6 10. Ka1 Nbd7 11. e5 Ng8 12. h4 h6 13. g4 c5 14. Nge2 a6 15. h5 Qc7 16. g5 hxg5 17. Bxg5 b5 18. dxc5 Bxc5 19. Nd4 b4 20. Nxd5 Qxe5 21. Nxb4 Bxd4 22. f4 Bxb2+ 23. Kb1 Qc3 24. Qd6 Bxa3 0-1

[Event "Titled Tuesday intern op 21st Dec"]
[Site "Chess.com INT"]
[Date "2021.12.21"]
[Round "3"]
[White "Gombocz, Ferenc Jr"]
[Black "Rodrigues Mota, Romulo Cardoso S"]
[Result "1-0"]
[WhiteElo "2236"]
[BlackElo "2027"]
[PlyCount "41"]
[EventDate "2021.12.21"]
[EventType "swiss (blitz)"]
[EventRounds "11"]
[EventCountry "USA"]
[SourceTitle "CBM 205 Extra"]
[Source "ChessBase"]
[SourceDate "2022.01.31"]
[SourceVersion "1"]
[SourceVersionDate "2022.01.31"]
[SourceQuality "1"]

1. c4 Nf6 2. g3 c5 3. Bg2 g6 4. Nc3 Bg7 5. e4 d6 6. Nge2 O-O 7. O-O Nc6 8. d3 e5 9. a3 Nd4 10. Rb1 Be6 11. b4 Qd7 12. Nd5 Bg4 13. f3 Bh3 14. Nxd4 exd4 15. Bxh3 Qxh3 16. bxc5 dxc5 17. Rxb7 Nh5 18. Nf4 Qc8 19. Qb3 Nf6 20. Nd5 Ne8 21. Ne7+ 1-0

[Event "Titled Tuesday intern op 21st Dec"]
[Site "Chess.com INT"]
[Date "2021.12.21"]
[Round "3"]
[White "Gubajdullin, Alexey"]
[Black "Terry, Renato"]
[Result "0-1"]
[WhiteElo "2314"]
[BlackElo "2504"]
[PlyCount "64"]
[EventDate "2021.12.21"]
[EventType "swiss (blitz)"]
[EventRounds "11"]
[EventCountry "USA"]
[SourceTitle "CBM 205 Extra"]
[Source "ChessBase"]
[SourceDate "2022.01.31"]
[SourceVersion "1"]
[SourceVersionDate "2022.01.31"]
[SourceQuality "1"]

1. d4 e6 2. Nf3 Nf6 3. Bf4 b6 4. e3 Bb7 5. Be2 Bd6 6. Bxd6 cxd6 7. c4 d5 8. Nc3 dxc4 9. Bxc4 O-O 10. Qe2 d5 11. Bd3 a6 12. O-O Nbd7 13. Rfc1 b5 14. Nd2 Rc8 15. f4 Qe7 16. a3 Nb6 17. Nb3 Nfd7 18. Na5 Ba8 19. b3 Rc7 20. Qb2 Rfc8 21. Na2 Nb8 22. Rxc7 Rxc7 23. Nb4 Qd8 24. Rc1 N6d7 25. Rxc7 Qxc7 26. Qc2 Qxa5 27. Qc8+ Nf8 28. Qxb8 Qxa3 29. Bxh7+ Kxh7 30. Qxf8 a5 31. Qxa8 Qxb4 32. Qd8 Qe1# 0-1

[Event "Titled Tuesday intern op 21st Dec"]
[Site "Chess.com INT"]
[Date "2021.12.21"]
[Round "3"]
[White "Gurevich, Dmitry"]
[Black "Krzywda, Andrzej"]
[Result "1-0"]
[WhiteElo "2358"]
[BlackElo "2110"]
[PlyCount "81"]
[EventDate "2021.12.21"]
[EventType "swiss (blitz)"]
[EventRounds "11"]
[EventCountry "USA"]
[SourceTitle "CBM 205 Extra"]
[Source "ChessBase"]
[SourceDate "2022.01.31"]
[SourceVersion "1"]
[SourceVersionDate "2022.01.31"]
[SourceQuality "1"]

1. d4 Nf6 2. c4 c5 3. Nf3 cxd4 4. Nxd4 Nc6 5. Nc3 g6 6. e4 Bg7 7. Be3 O-O 8. Be2 d6 9. O-O Bd7 10. Qd2 Nxd4 11. Bxd4 Bc6 12. f3 a5 13. b3 Nd7 14. Be3 Nc5 15. Rab1 Be5 16. Kh1 e6 17. Rfd1 Qe7 18. Rbc1 Rad8 19. Bd4 Qh4 20. Bxe5 dxe5 21. Qe3 b6 22. Kg1 Qf6 23. Bf1 Rd4 24. Ne2 Rxd1 25. Rxd1 Rd8 26. Rxd8+ Qxd8 27. Nc3 Qd4 28. Kf2 Kg7 29. Ke2 a4 30. Qxd4 exd4 31. Nxa4 Nxa4 32. bxa4 Bxa4 33. e5 f6 34. f4 Bc2 35. Kf3 f5 36. Ke2 Kf7 37. Kd2 Bb1 38. a4 Ke7 39. Bd3 Ba2 40. Kc2 Kd7 41. Kb2 1-0

[Event "Titled Tuesday intern op 21st Dec"]
[Site "Chess.com INT"]
[Date "2021.12.21"]
[Round "3"]
[White "Hamley, Ryan"]
[Black "Matinian, Nikita"]
[Result "1/2-1/2"]
[WhiteElo "2077"]
[BlackElo "2454"]
[PlyCount "122"]
[EventDate "2021.12.21"]
[EventType "swiss (blitz)"]
[EventRounds "11"]
[EventCountry "USA"]
[SourceTitle "CBM 205 Extra"]
[Source "ChessBase"]
[SourceDate "2022.01.31"]
[SourceVersion "1"]
[SourceVersionDate "2022.01.31"]
[SourceQuality "1"]

1. d4 Nf6 2. c4 e6 3. Nf3 Bb4+ 4. Bd2 a5 5. g3 O-O 6. Bg2 d5 7. O-O b6 8. Bf4 Bb7 9. Ne5 Nbd7 10. Nc3 Bxc3 11. bxc3 Qc8 12. Qc2 Nxe5 13. Bxe5 Nd7 14. cxd5 Nxe5 15. dxe5 exd5 16. f4 Re8 17. Qd3 c6 18. Rab1 b5 19. e4 dxe4 20. Qxe4 Qc7 21. Rbd1 Re7 22. h4 g6 23. Bf3 c5 24. Qxb7 Qxb7 25. Bxb7 Rxb7 26. Rd5 c4 27. Rfd1 b4 28. Rc5 b3 29. Rxc4 b2 30. Rb1 Rd8 31. Rd4 Rxd4 32. cxd4 a4 33. a3 Rb3 34. Kf2 Kf8 35. d5 Ke7 36. g4 f6 37. Kg2 fxe5 38. fxe5 Rb5 39. Kf3 Rxd5 40. Rxb2 Rd3+ 41. Ke4 Rxa3 42. Rb7+ Ke6 43. Rb6+ Kd7 44. Rb7+ Kc6 45. Rxh7 Ra1 46. Rg7 a3 47. Rxg6+ Kc5 48. Ra6 a2 49. Kf5 Rf1+ 50. Kg6 a1=Q 51. Rxa1 Rxa1 52. h5 Ra6+ 53. Kg7 Kd5 54. h6 Kxe5 55. h7 Ra7+ 56. Kg6 Ra8 57. Kg7 Ra7+ 58. Kg6 Ra8 59. Kg7 Kf4 60. h8=Q Rxh8 61. Kxh8 Kxg4 1/2-1/2

[Event "Titled Tuesday intern op 21st Dec"]
[Site "Chess.com INT"]
[Date "2021.12.21"]
[Round "3"]
[White "Hartikainen, Jarmo"]
[Black "Hasman, Cengiz"]
[Result "0-1"]
[WhiteElo "2133"]
[BlackElo "2101"]
[PlyCount "120"]
[EventDate "2021.12.21"]
[EventType "swiss (blitz)"]
[EventRounds "11"]
[EventCountry "USA"]
[SourceTitle "CBM 205 Extra"]
[Source "ChessBase"]
[SourceDate "2022.01.31"]
[SourceVersion "1"]
[SourceVersionDate "2022.01.31"]
[SourceQuality "1"]

1. e4 d6 2. d4 Nf6 3. Nc3 Nbd7 4. Be3 e5 5. d5 Be7 6. Be2 O-O 7. g4 c6 8. g5 Ne8 9. Qd2 cxd5 10. Nxd5 Nc7 11. Nxe7+ Qxe7 12. O-O-O Ne8 13. h4 f5 14. exf5 Rxf5 15. h5 Nf8 16. g6 hxg6 17. hxg6 Nxg6 18. Bd3 e4 19. Bc4+ Be6 20. Qe2 d5 21. Bb3 Nf6 22. Nh3 a5 23. a3 a4 24. Ba2 Rb8 25. Ng5 b5 26. Nxe6 Qxe6 27. Bd4 b4 28. Bxf6 gxf6 29. Rdg1 Rg5 30. Rxg5 fxg5 31. Qh5 Kg7 32. Qh7+ Kf6 33. axb4 Rh8 34. Qxh8+ Nxh8 35. Rxh8 Kg7 36. Ra8 e3 37. fxe3 Qxe3+ 38. Kd1 g4 39. Ra5 g3 40. Bxd5 g2 41. Bxg2 Qg1+ 42. Kd2 Qxg2+ 43. Kd3 Qf3+ 44. Kc4 Qe4+ 45. Kc3 Qe3+ 46. Kc4 Qd2 47. Rxa4 Qxc2+ 48. Kb5 Qxb2 49. Ka5 Kf6 50. b5 Ke6 51. Rc4 Kd6 52. b6 Qa2+ 53. Kb4 Qb2+ 54. Ka5 Qa3+ 55. Kb5 Qb3+ 56. Rb4 Qd3+ 57. Ka5 Qa3+ 58. Ra4 Qc3+ 59. Ka6 Qb3 60. Ra5 Kc6 0-1

[Event "Titled Tuesday intern op 21st Dec"]
[Site "Chess.com INT"]
[Date "2021.12.21"]
[Round "3"]
[White "Hasangatin, Ramil"]
[Black "Serikbay, Assel"]
[Result "1-0"]
[WhiteElo "2479"]
[BlackElo "2263"]
[PlyCount "102"]
[EventDate "2021.12.21"]
[EventType "swiss (blitz)"]
[EventRounds "11"]
[EventCountry "USA"]
[SourceTitle "CBM 205 Extra"]
[Source "ChessBase"]
[SourceDate "2022.01.31"]
[SourceVersion "1"]
[SourceVersionDate "2022.01.31"]
[SourceQuality "1"]

1. e4 c5 2. Nf3 e6 3. g3 d5 4. exd5 exd5 5. d4 Bg4 6. Bg2 Nf6 7. O-O cxd4 8. h3 Bxf3 9. Qxf3 Nc6 10. Bg5 Be7 11. Bxf6 Bxf6 12. Re1+ Be7 13. Qxd5 O-O 14. Qxd8 Bxd8 15. Nd2 Ba5 16. Rad1 Nb4 17. Nb3 Bb6 18. Bxb7 Rad8 19. Be4 Nxa2 20. Rd2 Rfe8 21. Rde2 g6 22. Kf1 Nb4 23. h4 f5 24. Bd3 Rxe2 25. Rxe2 Rc8 26. Ke1 Kf7 27. Kd1 a5 28. Nd2 Nxd3 29. cxd3 Bc5 30. Nc4 Bb4 31. Re5 Kf6 32. f4 Ra8 33. Kc2 a4 34. Rb5 Be1 35. Rb6+ Kg7 36. Rb7+ Kg8 37. Ne5 Bxg3 38. Nd7 Bxh4 39. Rb4 Rc8+ 40. Kd1 Bg3 41. Rxd4 Kf7 42. Nb6 Rb8 43. Nxa4 Bf2 44. Rc4 h5 45. Ke2 h4 46. Kxf2 h3 47. Kg3 Rh8 48. Kh2 Rh4 49. b4 Rg4 50. b5 Rg2+ 51. Kxh3 Ra2 1-0